| 000 | 00613nam a22002177a 4500 | ||
|---|---|---|---|
| 005 | 20220408145041.0 | ||
| 008 | 220408b ||||| |||| 00| 0 eng d | ||
| 020 | _a21 | ||
| 040 | _cAL | ||
| 041 | _aEnglish | ||
| 082 |
_223 _a915.41 _bPANJ |
||
| 100 |
_aChintamani Panigrahi _928595 |
||
| 245 | _aJourney Through The Blue Mountains | ||
| 260 |
_aRaj Bhavan Imphal _bThe Governors Secretariat |
||
| 300 |
_aviii,28 p. _bHB _c22.5x14.5 cm. |
||
| 365 |
_b₹300.00 _c₹ _d₹300.00 |
||
| 650 |
_aManipur _928596 |
||
| 650 |
_aMountains _928597 |
||
| 700 |
_aPANIGRAHI (Chintamani) _928598 |
||
| 942 |
_2ddc _cGF |
||
| 999 |
_c222292 _d222292 |
||